Statystyki dla TOP 30 najludniejszych miast Europy z wyjątkami

Kliknij tutaj aby rozwiązać quiz!

Ogólne statystyki

  • Ten quiz został rozwiązany 28 razy
  • Średni wynik to 6 z 30

Statystyki odpowiedzi

PaństwoLudnośćMiasto% Poprawnych
Polska292 774Katowice
64%
Niemcy512 234Drezno
56%
Niemcy515 469Lipsk
52%
Niemcy519 619Hanower
40%
Niemcy317 949Bonn
36%
Niemcy503 638Norymberga
32%
Niemcy311 342Mannheim
28%
Niemcy494 048Duisburg
24%
Niemcy353 308Wuppertal
24%
Niemcy323 615Bielefeld
20%
Niemcy378 596Bochum
20%
Ukraina342 451Sewastopol
20%
Ukraina293 141Sumy
20%
Hiszpania293 725Vigo
20%
Wielka Brytania293 717Bradford
16%
Ukraina295 414Czerkasy
12%
Niemcy290 736Karlsruhe
12%
Ukraina317 998Połtawa
12%
Wielka Brytania330 574Sunderland
12%
Ukraina356 665Winnica
12%
Ukraina328 360Chersoń
8%
Ukraina290 000Chmielnicki
8%
Wielka Brytania303 475Coventry
8%
Ukraina304 994Czernihów
8%
Wielka Brytania301 416Hull
8%
Ukraina343 644Symferopol
8%
Hiszpania314 805Cordoba
0%
Ukraina292 250Gorłówka
0%
Ukraina389 589Makijiwka
0%
Hiszpania318 576Valladoid
0%

Rozkład punktacji

Percentyl według liczby udzielonych odpowiedzi

Procent ludzi z każdym wynikiem

Twoja historia wyników

Nie rozwiązałeś tego quizu